| Tag |
First Indicator |
Second Indicator |
Subfields |
| LEADER |
00000cam a22000001a 4500 |
| 001 |
in00003367113 |
| 006 |
m d f |
| 007 |
cr bn mmmapmmp |
| 008 |
100703m19911992dcu o f000 0 eng d |
| 005 |
20260430163151.7 |
| 035 |
|
|
|a cis2007884893
|
| 040 |
|
|
|a ProQuest
|c ProQuest
|d UtOrBLW
|
| 043 |
|
|
|a n-us---
|
| 099 |
|
|
|a CRS-1991-GOV-0032
|
| 110 |
2 |
|
|a Library of Congress.
|b Congressional Research Service.
|
| 245 |
1 |
0 |
|a Senate Campaign Expenditures, Receipts and Sources and Funds :
|b 1980-1990.
|
| 264 |
|
1 |
|a [Place of publication not identified] :
|b [publisher not identified],
|c 1991-1992.
|
| 300 |
|
|
|a 1 online resource.
|
| 336 |
|
|
|a text
|b txt
|2 rdacontent
|
| 337 |
|
|
|a computer
|b c
|2 rdamedia
|
| 338 |
|
|
|a online resource
|b cr
|2 rdacarrier
|
| 500 |
|
|
|a Record is based on bibliographic data in ProQuest U.S. Congressional Research Digital Collection (last viewed July 2010). Reuse except for individual research requires license from ProQuest, LLC.
|
| 500 |
|
|
|a CRS Report.
|
| 520 |
|
|
|a Presents data on campaign expenditures, receipts, and sources of funding for major party Senate candidates in recent general elections. Provides breakdowns by party, candidate status (incumbent, challenger, open seat), and election outcome.
|
| 500 |
|
|
|a Electronic resource.
|
| 610 |
1 |
0 |
|a United States.
|b Congress.
|b Senate.
|
| 650 |
|
0 |
|a Campaign funds.
|
| 650 |
|
0 |
|a Political parties.
|
| 655 |
|
7 |
|a Electronic books.
|2 local
|
| 710 |
2 |
|
|a ProQuest (Firm)
|
| 776 |
0 |
8 |
|i Microfiche version:
|a Library of Congress. Congressional Research Service.
|t Senate Campaign Expenditures, Receipts and Sources and Funds: 1980-1990
|
| 830 |
|
0 |
|a U.S. Congressional Research.
|
| 856 |
4 |
0 |
|u http://proxy.library.tamu.edu/login?url=https://congressional.proquest.com/congcomp/getdoc?CRDC-ID=CRS-1991-GOV-0032
|z Connect to the full text of this electronic book
|t 0
|
| 999 |
|
|
|a MARS
|
| 999 |
f |
f |
|s f1241e8c-dfeb-3100-875e-008cc5de5b15
|i 8c127f7f-f115-354c-af80-7b74a5771709
|t 0
|
| 952 |
f |
f |
|a Texas A&M University
|b College Station
|c Electronic Resources
|s www_evans
|d Available Online
|t 0
|e CRS-1991-GOV-0032
|h Other scheme
|
| 998 |
f |
f |
|a CRS-1991-GOV-0032
|t 0
|l Available Online
|